| 000 | 00453cam a2200169ua 4500 | ||
|---|---|---|---|
| 003 | OSt | ||
| 008 | 250104b |||||||| |||| 00| 0 eng d | ||
| 041 | _aeng | ||
| 082 |
_a621.381 _bMIL/EL |
||
| 100 |
_aMillian Jacob, Halkias . _96764 |
||
| 245 | _aMillimans Electronics devices and circuts / | ||
| 250 | _a2 / | ||
| 260 |
_aNew Delhi : _bTata Mcgraw hill pub , _c2007. |
||
| 300 | _a656 ; . | ||
| 700 | 1 |
_aJit satyabrata, . _96765 |
|
| 942 | _cBK | ||
| 999 |
_c13109 _d13109 |
||